Manejo poscosecha de melón

Sábháilte in:
Sonraí bibleagrafaíochta
Údar corparáideach: Corporación del Mercado Central de Buenos Aires (Údar)
Formáid: LEABHAR
Teanga:Spáinnis
Foilsithe / Cruthaithe: Buenos Aires Corporación del Mercado Central de Buenos Aires 1999
Eagrán:1a. ed
Ábhair:
Clibeanna: Cuir clib leis
Níl clibeanna ann, Bí ar an gcéad duine le clib a chur leis an taifead seo!

MARC

LEADER 00000nam a2200000 a 4500
001 UCK1865
003 CL-VaPUC
008 041210e19990800AG |||||||||||||||||spa|d
082 0 4 |a 635.611  |b COR  |2 21 
110 2 |a Corporación del Mercado Central de Buenos Aires  |e author  |9 489720 
245 1 0 |a Manejo poscosecha de melón 
250 |a 1a. ed 
300 |a 29 p 
942 |c BK 
945 |d 20041210 00:00:00  |a vberengu 
260 |a Buenos Aires  |b Corporación del Mercado Central de Buenos Aires  |c 1999 
650 0 |a Cultivo de hortalizas  |9 338094 
650 7 |a MELON  |2 CL-VaPUC  |9 489721 
650 0 |a Control de calidad   |9 259714 
583 |a last modification  |c 20041210 00:00:00  |k Rodrigo Vera 
999 |c 311636  |d 311634